000 00434nam a2200181Ia 4500
005 20250508163811.0
008 008 250505s9999 xx 000 0 eng d
037 _aTextual
040 _aFEDL
_beng
_cFEDL
041 _aeng
_2eng
084 _aB, LAM
_qFEDL
100 _aGibb Christopher
_9776396
245 0 _aDalai lama
260 _c1994
300 _a64p.
942 _cTEXL
_hB, LAM
999 _c1385324
_d1385324